000 01773nam a2200385 i 4500
001 768714001
003 CO-MdFUSB
005 20260413110648.0
007 ta
008 250904t2005 -us |||g |||| 00| 0 eng d
020 _a978-0-9776738-1-0
040 _aCO-MdFUSB
_bspa
_cCO-MdFUSB
_dCO-MdFUSBC
_erda
041 _aeng
082 _223
_a248.47
_bB583
100 _aBickle, Mike,
_d1955- ‎
_eautor
245 _aThe Rewards of Fasting :
_bexperiencing the power and affections of God
_c/ Mike Bickle , Dana Candler ; prólogo por David Perkins
264 1 _aMissouri, Estados Unidos :
_bForerunner Publishing,
_c[2005]
264 4 _c©2005
300 _a180 páginas
_c; 21 cm
336 _2rdacontent
_atexto
_btxt
337 _2rdamedia
_asin mediación
_bn
338 _2rdacarrier
_avolumen
_bnc
505 _aEl Dios esposo. -- Siete tipos de ayuno bíblico. -- Entendiendo el ayuno del Esposo. -- Anhelando todo lo que Dios quiere darnos. -- Ayunar: Abrazando la debilidad voluntaria. -- Cinco expresiones del estilo de vida en ayuno. -- Ayuno para romper fortalezas espirituales. -- Cinco recompensas del estilo de vida en ayuno. -- Siete dificultades del estilo de vida en ayuno. -- Siete peligros del estilo de vida en ayuno. -- Cómo responder a una crisis global. -- El ayuno global del Esposo: Estableciendo una cultura de Joel 2.
563 _arústico
650 0 _aVida cristiana
_919
653 _aVida cristiana
653 _aAyuno — Aspectos religiosos — Cristianismo
653 _aDisciplinas espirituales
653 _aDevocionales cristianos
700 _aCandler, Dana,
_911930
_eautor
700 _aPerkins, David,
_eautor del prólogo
_912257
942 _cBK
945 _aEstudiante Juan Eusse
999 _c71433
_d71433